| 000 | 00910nam a2200253 a 4500 | ||
|---|---|---|---|
| 999 |
_c12229 _d12229 |
||
| 001 | 12229 | ||
| 003 | BD-JhCC | ||
| 005 | 20220524134021.0 | ||
| 008 | 210829b2021 bg a|||| ||a| 001 0 ben d | ||
| 035 | _a(BD-JhCC)12229 | ||
| 040 |
_aBD-JhCC _dBD-JhCC |
||
| 041 | _aBengali | ||
| 082 |
_223 _a321.09095492 _bKHA 2021 |
||
| 100 | _aখসরু,বি জেড | ||
| 245 |
_aবাংলাদেশে মিলিটারি ক্যু / _cবি জেড খসরু, অনুঃ সিরাজ উদ্দিন সাথী । |
||
| 260 |
_aঢাকা: _bদি ইউনিভার্সেল একাডেমী; _c২০২১. |
||
| 300 |
_a368 p. : _bill; _c22 cm. |
||
| 650 | _aMilatay Govermat | ||
| 650 | _aPolitic Relations | ||
| 650 | _aCentral Intelligence Agancey | ||
| 700 | _aসাথী ,সিরাজ উদ্দিন | ||
| 942 |
_2ddc _cBK _01 |
||